书目信息 |
| 题名: |
多媒体家庭影院
|
|
| 作者: | 黄签名 , 黄艳鹂 编著 | |
| 分册: | ||
| 出版信息: | 武汉 武汉测绘科技大学出版社 1997.12 |
|
| 页数: | 259页 | |
| 开本: | 32开 | |
| 丛书名: | ||
| 单 册: | ||
| 中图分类: | TN946.7 | |
| 科图分类: | ||
| 主题词: | 录象系统 | |
| 电子资源: | ||
| ISBN: | 7-81030-561-1 | |
| 000 | 00614nam0 2200205 45 | |
| 001 | 1009050962 | |
| 005 | 20100905093000.7 | |
| 010 | @a7-81030-561-1@d9.00元 | |
| 100 | @a20100905d1997 km y0chiy0120 ea | |
| 101 | 0 | @achi |
| 105 | @a z 000yy | |
| 200 | 1 | @a多媒体家庭影院@ADuo Mei Ti Jia Ting Ying Yuan@f黄签名,黄艳鹂编著@FHuang Qian Ming,Huang Yan Li Bian Zhu |
| 210 | @a武汉@c武汉测绘科技大学出版社@d1997.12 | |
| 215 | @a259页@d32开 | |
| 606 | 0 | @a录象系统 |
| 690 | @aTN946.7@v3 | |
| 701 | 0 | @a黄签名@4编著 |
| 701 | 0 | @a黄艳鹂@4编著 |
| 801 | @aCN@bPftUser@c20100905 | |
| 905 | @b122990-994@dTN946.7@eH536@f5 | |
| 多媒体家庭影院/黄签名,黄艳鹂编著.-武汉:武汉测绘科技大学出版社,1997.12 |
| 259页;32开 |
| ISBN 7-81030-561-1:9.00元 |
| ● |
| 相关链接 |
|
|
|
正题名:多媒体家庭影院
索取号:TN946.7/H536
 
预约/预借
| 序号 | 登录号 | 条形码 | 馆藏地/架位号 | 状态 | 备注 |
| 1 | 122990 | 201229900 | 期刊室512/301自科库 32排3列5层/ [索取号:TN946.7/H536] | 在馆 | |
| 2 | 122991 | 201229919 | 自科二线504/504自科库 8排1列2层/ [索取号:TN946.7/H536] | 在馆 | |
| 3 | 122992 | 201229928 | 自科二线504/504自科库 8排1列2层/ [索取号:TN946.7/H536] | 在馆 | |
| 4 | 122993 | 201229937 | 自科库301/301自科库 32排3列5层/ [索取号:TN946.7/H536] | 在馆 | |
| 5 | 122994 | 201229946 | 期刊室512/301自科库 32排3列5层/ [索取号:TN946.7/H536] | 在馆 |